Logo BPK

Biblioteka

Politechniki Koszalińskiej

Wynagradzanie pracowników za czas niewykonywania pracy / (Rekord nr 53830)

Szczegóły MARC
000 -ETYKIETA REKORDU
podpole kontrolne o stałej długości 00869nam a2200253 i 4500
001 - NUMER KONTROLNY REKORDU
pole kontrolne bg
020 ## - MIĘDZYNARODOWY ZNORMALIZOWANY NUMER KSIĄŻKI - ISBN
ISBN 8372910073
040 ## - ŹRÓDŁO KATALOGOWANIA
Instytucja, która utworzyła rekord BPK
041 0# - KOD JĘZYKA
Kod języka tekstu pol
044 ## - KOD KRAJU WYDAWCY/PRODUCENTA
Kod kraju wydawcy/producenta POL
080 ## - UNIWERSALNA KLASYFIKACJA DZIESIĘTNA - UKD
UKD 349.23/.24
920 ## - Międzynarodowy znormalizowany numer książki – ISBN
ISBN 83-7291-007-3
008 - POLE O STAŁEJ DŁUGOŚCI - DANE KONTROLNE
podpole kontrolne o stałej długości 130116s pl a f |000 0 pol
100 1# - NAZWA OSOBOWA
Nazwa osobowa Dobrodziej, Elżbieta.
245 10 - TYTUŁ/ODPOWIEDZIALNOŚĆ
Tytuł Wynagradzanie pracowników za czas niewykonywania pracy /
Pozostałe elementy strefy tytułu i oznaczenia odpowiedzialności Elżbieta Dobrodziej.
250 ## - STREFA WYDANIA
Oznaczenie wydania Stan prawny na dzień 31 października 2000 r.
260 ## - STREFA ADRESU WYDAWNICZEGO
Miejsce wydania Bydgoszcz :
Nazwa wydawcy/dystrybutora Oficyna Wydawnicza Ośrodka Postępu Organizacyjnego,
Data publikacji, dystrybucji/powstania dokumentu 2000.
300 ## - STREFA OPISU FIZYCZNEGO
Objętość 115 s. ;
Rozmiary 21 cm.
490 1# - STREFA SERII I DOKUMENTU WIELOCZĘŚCIOWEGO - FORMA NIE DO WYSZUKIWANIA
Tytuł i oznaczenie odpowiedzialności serii Biblioteka Menedżera i Służby Pracowniczej,
Numeracja w obrębie serii z. 188
650 #9 - HASŁO PRZEDMIOTOWE W FORMIE NAZWY OGÓLNEJ LUB JEDNOSTKOWEJ
Nazwa ogólna lub geograficzna Płaca
Określnik ogólny prawo
Określnik geograficzny Polska
Określnik chronologiczny stan na 2000 r.
650 #9 - HASŁO PRZEDMIOTOWE W FORMIE NAZWY OGÓLNEJ LUB JEDNOSTKOWEJ
Nazwa ogólna lub geograficzna Zwolnienia od pracy
Określnik ogólny prawo
Określnik geograficzny Polska
Określnik chronologiczny stan 2000 r.
830 #0 - HASŁO DODATKOWE SERII LUB DOKUMENTU WIELOCZĘŚCIOWEGO - TYTUŁ UJEDNOLICONY
Tytuł ujednolicony Biblioteka Menedżera i Służby Pracowniczej
Oznaczenie tomu z. 188
856 ## - LOKALIZACJA I DOSTĘP DO ELEKTRONICZNYCH DOKUMENTÓW ZDALNYCH
Link (URL) http://koha.tu.koszalin.pl/cgi-bin/koha/opac-detail.pl?biblionumber=53830
Tekst linku Katalog online BPK
942 ## - DODATKOWE ELEMENTY (KOHA)
Typ dokumentu Książka
Egzemplarze
Wycofany Status egzemplarza Uszkodzony Dostępność Lokalizacja stała Lokalizacja bieżąca Miejsce przechowywania Sygnatura Kod kreskowy Ostatnio wypożyczono Typ dokumentu
      Dostępny Biblioteka Politechniki Koszalińskiej Biblioteka Politechniki Koszalińskiej Wypożyczalnia BG S 1611 02524405 18.08.2022 Książka
© 2023 Biblioteka Politechniki Koszalińskiej :: KOHA